MDQL
is popping MORE tags! Check the
thread
!
Quizzes
Events
Quiz Creation
Community
Videos
Private Events
Remove Ads
Sign In
Join for FREE
Feedback
Dark Mode
Quiz Categories
Sports
Geography
Music
Movies
Television
Just For Fun
Miscellaneous
History
Literature
Language
Science
Gaming
Entertainment
Religion
Holiday
For Kids
Quiz Lab
Recent
Popular Today
Quiz Kudos Today
Editor Picks
Curator Picks
Quizzes by...
Day
Popularity
Type
Ratings
Length
Year
Community
Subscriptions
Recent Discussions
Orange Saloon
Badges
Playlists
Quests
Create
Leaderboards
Showdown
Live 5
Trivia Bingo
Activity
Puzzle Library
Sporcle Events
Private Events
Virtual Trivia
Globe League
Become a Host
Pub Owners
SporcleCon
Opinionation
Our Games
Videos
Blog
Mobile Apps
Partnerships
Remove Ads and Go Orange
Feedback
Sports
Athletes
MLB
NBA
NHL
NFL
Soccer
Sports Teams
WWE
NCAA
Football
Premier League
Basketball
Baseball
Hockey
Golf
Tennis
Cricket
Rugby
Auto Racing
Olympics
World Cup
Sports
Athletes
MLB
NBA
NHL
NFL
Soccer
Sports Teams
WWE
NCAA
Football
Premier League
Basketball
Baseball
Hockey
Golf
Tennis
Cricket
Rugby
Auto Racing
Olympics
World Cup
Random Quiz
Search Sporcle
×
Quiz Lab
Quiz Lab
Sports
World
Type in answers that appear in a list
Type in answers that appear in a list
Classic
Best Score? Go Orange.
MLB Teams Most Recent World Series Winning Lineups Stats
Can you name the MLB Teams Last World Series Winning Lineups?
By
nushney
20m
239 Questions
760 Plays
760 Plays
760 Plays
Comments
Comments
Give Quiz Kudos
Give Quiz Kudos
-
- Ratings
hide this ad
More Info
Replay
Link that replays current quiz
Next Quiz
Link to next quiz in quiz playlist
You Got
0%
They Got
Avg Score
53%
Avg Friend Score
Upgrade to see
Score Distribution
Jump to the score distribution portion of the page
Score
0/239
Timer
20:00
0
Plays Today
Year & Team
Player
% Correct
2023-
Texas Rangers
Corey Seager
97.3%
2020-
Los Angeles Dodgers
Mookie Betts
97%
2018-
Boston Red Sox
Mookie Betts
96.7%
2020-
Los Angeles Dodgers
Justin Turner
95.5%
2021-
Atlanta Braves
Freddie Freeman
94.6%
2022-
Houston Astros
Jose Altuve
94.6%
2019-
Washington Nationals
Trea Turner
94.5%
2009-
New York Yankees
Derek Jeter
92.9%
2016-
Chicago Cubs
Kris Bryant
92.6%
2020-
Los Angeles Dodgers
Cody Bellinger
92.5%
2014-
San Francisco Giants
Buster Posey
92%
2022-
Houston Astros
Alex Bregman
91.9%
2023-
Texas Rangers
Evan Carter
91.9%
2023-
Texas Rangers
Nathaniel Lowe
91.9%
2009-
New York Yankees
Alex Rodriguez
91.8%
2003-
Florida Marlins
Ivan Rodriguez
91.7%
2016-
Chicago Cubs
Anthony Rizzo
91.6%
2008-
Philadelphia Phillies
Ryan Howard
91.2%
2011-
St. Louis Cardinals
Albert Pujols
90.8%
2008-
Philadelphia Phillies
Jimmy Rollins
90.4%
2020-
Los Angeles Dodgers
Corey Seager
90.3%
2008-
Philadelphia Phillies
Chase Utley
90%
2001-
Arizona Diamondbacks
Luis Gonzalez
89.7%
2003-
Florida Marlins
Alex Gonzalez
89.6%
2015-
Kansas City Royals
Salvadore Perez
89.5%
2021-
Atlanta Braves
Ozzie Albies
89.2%
2021-
Atlanta Braves
Dansby Swanson
89.2%
2019-
Washington Nationals
Max Scherzer
88.4%
2011-
St. Louis Cardinals
Yadier Molina
88.4%
2002-
Los Angeles Angels of Anaheim
Bengie Molina
88.4%
2015-
Kansas City Royals
Eric Hosmer
88.4%
2019-
Washington Nationals
Juan Soto
88.1%
2019-
Washington Nationals
Anthony Rendon
88.1%
2009-
New York Yankees
Jorge Posada
87.1%
2020-
Los Angeles Dodgers
Max Muncy
86.9%
2018-
Boston Red Sox
Xander Bogaerts
86.6%
2021-
Atlanta Braves
Austin Riley
86.5%
2022-
Houston Astros
Yordan Alvarez
86.5%
2015-
Kansas City Royals
Lorenzo Cain
86.4%
2014-
San Francisco Giants
Pablo Sandoval
85.1%
2009-
New York Yankees
Robinson Cano
85.1%
2005-
Chicago White Sox
Paul Konerko
84.7%
1993-
Toronto Blue Jays
Joe Carter
84.6%
1986-
New York Mets
Gary Carter
84.6%
2014-
San Francisco Giants
Brandon Belt
84.3%
2009-
New York Yankees
Mark Teixeira
84.2%
2014-
San Francisco Giants
Juan Perez
84%
2015-
Kansas City Royals
Alex Gordon
83.9%
2022-
Houston Astros
Martin Maldonado
83.8%
2023-
Texas Rangers
Marcus Semien
83.8%
2019-
Washington Nationals
Ryan Zimmerman
83.6%
2011-
St. Louis Cardinals
Chris Carpenter
83.6%
2016-
Chicago Cubs
Javier Baez
83.4%
2018-
Boston Red Sox
J.D. Martinez
83.3%
2015-
Kansas City Royals
Mike Moustakas
82.4%
2014-
San Francisco Giants
Brandon Crawford
81.8%
2018-
Boston Red Sox
Rafael Devers
81.5%
2019-
Washington Nationals
Asdrubal Cabrera
81.2%
2021-
Atlanta Braves
Jorge Soler
81.1%
2022-
Houston Astros
Jeremy Peña
81.1%
2020-
Los Angeles Dodgers
Will Smith
80.9%
2003-
Florida Marlins
Miguel Cabrera
80.8%
2008-
Philadelphia Phillies
Cole Hamels
80.4%
2008-
Philadelphia Phillies
Shane Victorino
80.3%
2016-
Chicago Cubs
Kyle Schwarber
79.6%
2015-
Kansas City Royals
Alcides Escobar
79.6%
2016-
Chicago Cubs
Jason Heyward
79.2%
1991-
Minnesota Twins
Kirby Puckett
79.2%
2016-
Chicago Cubs
Dexter Fowler
78.6%
2016-
Chicago Cubs
Addison Russell
78.4%
2014-
San Francisco Giants
Hunter Pence
78.3%
2020-
Los Angeles Dodgers
Chris Taylor
78.3%
2016-
Chicago Cubs
Willson Contreras
78%
2008-
Philadelphia Phillies
Jayson Werth
78%
2015-
Kansas City Royals
Ben Zobrist
77.8%
2016-
Chicago Cubs
Ben Zobrist
77.2%
2011-
St. Louis Cardinals
David Freese
76.8%
2002-
Los Angeles Angels of Anaheim
Garret Anderson
76.4%
2002-
Los Angeles Angels of Anaheim
Troy Glaus
76.3%
2018-
Boston Red Sox
David Price
76.3%
Year & Team
Player
% Correct
2005-
Chicago White Sox
Jermaine Dye
76.2%
2001-
Arizona Diamondbacks
Curt Schilling
76.2%
1986-
New York Mets
Keith Hernandez
76.2%
2009-
New York Yankees
Brett Gardner
76.1%
2008-
Philadelphia Phillies
Carlos Ruiz
76.1%
1993-
Toronto Blue Jays
Rickey Henderson
75.8%
1989-
Oakland Athletics
Rickey Henderson
75.8%
1989-
Oakland Athletics
Dave Henderson
75.8%
2022-
Houston Astros
Kyle Tucker
75.7%
2001-
Arizona Diamondbacks
Matt Williams
75.1%
1989-
Oakland Athletics
Jose Canseco
75%
1989-
Oakland Athletics
Mark McGwire
75%
1983-
Baltimore Orioles
Cal Ripken Jr.
74.5%
2009-
New York Yankees
Hideki Matsui
74.2%
1990-
Cincinnati Reds
Barry Larkin
74.2%
2003-
Florida Marlins
Derrek Lee
73.9%
2016-
Chicago Cubs
Kyle Hendricks
73.3%
2021-
Atlanta Braves
Travis d'Arnaud
73%
2021-
Atlanta Braves
Max Fried
73%
2023-
Texas Rangers
Josh Jung
73%
2023-
Texas Rangers
Jonah Heim
73%
2002-
Los Angeles Angels of Anaheim
Tim Salmon
72.1%
2005-
Chicago White Sox
A.J. Pierzynski
71.6%
2003-
Florida Marlins
Josh Beckett
71.2%
2018-
Boston Red Sox
Andrew Benintendi
71.1%
2003-
Florida Marlins
Mike Lowell
71.1%
2019-
Washington Nationals
Howie Kendrick
70.5%
2021-
Atlanta Braves
Joc Pederson
70.3%
2023-
Texas Rangers
Mitch Garver
70.3%
2003-
Florida Marlins
Juan Pierre
69.2%
1984-
Detroit Tigers
Kirk Gibson
68.7%
1979-
Pittsburgh Pirates
Willie Stargell
68.6%
1986-
New York Mets
Darryl Strawberry
67.9%
2008-
Philadelphia Phillies
Pat Burrell
67.8%
2002-
Los Angeles Angels of Anaheim
David Eckstein
67.8%
2022-
Houston Astros
Christian Vazquez
67.6%
2022-
Houston Astros
Framber Valdez
67.6%
1991-
Minnesota Twins
Jack Morris
67.5%
1990-
Cincinnati Reds
Hal Morris
67.5%
1986-
New York Mets
Mookie Wilson
67.4%
2002-
Los Angeles Angels of Anaheim
John Lackey
67.2%
2009-
New York Yankees
Nick Swisher
66.6%
1993-
Toronto Blue Jays
Roberto Alomar
66.3%
2014-
San Francisco Giants
Joe Panik
65.9%
2020-
Los Angeles Dodgers
Austin Barnes
65.5%
2011-
St. Louis Cardinals
Lance Berkman
64.9%
2021-
Atlanta Braves
Eddie Rosario
64.9%
2023-
Texas Rangers
Nathan Eovaldi
64.9%
1984-
Detroit Tigers
Alan Trammell
64.6%
2019-
Washington Nationals
Victor Robles
63.8%
1993-
Toronto Blue Jays
Paul Molitor
63.8%
2019-
Washington Nationals
Yan Gomes
63.5%
2002-
Los Angeles Angels of Anaheim
Darin Erstad
63.3%
2018-
Boston Red Sox
Christian Vazquez
63.2%
2009-
New York Yankees
Johnny Damon
63%
2009-
New York Yankees
Andy Pettitte
63%
2003-
Florida Marlins
Luis Castillo
63%
2019-
Washington Nationals
Adam Eaton
62.9%
1984-
Detroit Tigers
Marty Castillo
62.9%
1983-
Baltimore Orioles
Eddie Murray
62.6%
1991-
Minnesota Twins
Chili Davis
62.5%
1990-
Cincinnati Reds
Eric Davis
62.5%
1948-
Cleveland Indians
Joe Gordon
62.2%
2021-
Atlanta Braves
Adam Duvall
62.2%
2005-
Chicago White Sox
Scott Podsednik
61.6%
1993-
Toronto Blue Jays
John Olerud
61.4%
2001-
Arizona Diamondbacks
Steve Finley
61.1%
2001-
Arizona Diamondbacks
Tony Womack
60.3%
2018-
Boston Red Sox
Steve Pearce
60.2%
1993-
Toronto Blue Jays
Dave Stewart
59.7%
2022-
Houston Astros
Chas McCormick
59.5%
2011-
St. Louis Cardinals
Rafael Furcal
58.9%
2005-
Chicago White Sox
Joe Crede
58.4%
1993-
Toronto Blue Jays
Devon White
58.2%
2015-
Kansas City Royals
Edionson Volquez
57.6%
2001-
Arizona Diamondbacks
Craig Counsell
57.4%
1991-
Minnesota Twins
Kent Hrbek
57.1%
1984-
Detroit Tigers
Lou Whitaker
57%
2001-
Arizona Diamondbacks
Mark Grace
55.1%
2005-
Chicago White Sox
Aaron Rowand
54.9%
Year & Team
Player
% Correct
2005-
Chicago White Sox
Freddy Garcia
54.3%
2015-
Kansas City Royals
Alex Rios
53.8%
2005-
Chicago White Sox
Juan Uribe
53.6%
2008-
Philadelphia Phillies
Pedro Feliz
52.9%
1993-
Toronto Blue Jays
Tony Fernandez
52.5%
1979-
Pittsburgh Pirates
Dave Parker
52.4%
2014-
San Francisco Giants
Tim Hudson
51.9%
2002-
Los Angeles Angels of Anaheim
Adam Kennedy
51.2%
2003-
Florida Marlins
Jeff Conine
50.9%
2011-
St. Louis Cardinals
Allen Craig
50.4%
1991-
Minnesota Twins
Chuck Knoblauch
49.6%
1986-
New York Mets
Ray Knight
49.5%
1990-
Cincinnati Reds
Jose Rijo
48.8%
2023-
Texas Rangers
Leody Taveras
48.6%
2023-
Texas Rangers
Travis Jankowski
48.6%
1990-
Cincinnati Reds
Chris Sabo
48%
2018-
Boston Red Sox
Brock Holt
48%
1989-
Oakland Athletics
Walt Weiss
47.9%
2001-
Arizona Diamondbacks
Damian Miller
47.2%
1989-
Oakland Athletics
Terry Steinbach
46.8%
2020-
Los Angeles Dodgers
A.J. Pollock
46.4%
1984-
Detroit Tigers
Lance Parrish
45.9%
2014-
San Francisco Giants
Gregor Blanco
45.4%
1990-
Cincinnati Reds
Paul O'Neill
45.3%
1984-
Detroit Tigers
Chet Lemon
44.5%
1948-
Cleveland Indians
Bob Lemon
44.5%
1993-
Toronto Blue Jays
Pat Borders
43.3%
1986-
New York Mets
Ron Darling
43.2%
1989-
Oakland Athletics
Carney Lansford
42.9%
2005-
Chicago White Sox
Tadahito Iguchi
41.4%
1991-
Minnesota Twins
Dan Gladden
40.9%
2022-
Houston Astros
Trey Mancini
40.5%
1979-
Pittsburgh Pirates
Bill Robinson
40.5%
1948-
Cleveland Indians
Eddie Robinson
40.5%
2002-
Los Angeles Angels of Anaheim
Scott Spiezio
40%
2020-
Los Angeles Dodgers
Tony Gonsolin
38.6%
1991-
Minnesota Twins
Greg Gagne
38%
2014-
San Francisco Giants
Michael Morse
36.7%
2011-
St. Louis Cardinals
Skip Schumaker
36.4%
1986-
New York Mets
Kevin Mitchell
35.7%
1986-
New York Mets
Rafael Santana
35.7%
1948-
Cleveland Indians
Dale Mitchell
35.7%
1983-
Baltimore Orioles
Rick Dempsey
35.3%
1991-
Minnesota Twins
Brian Harper
35.1%
2003-
Florida Marlins
Juan Encarnacion
35%
1948-
Cleveland Indians
Lou Boudreau
33.8%
2011-
St. Louis Cardinals
Ryan Theriot
33.4%
1984-
Detroit Tigers
Darrell Evans
32.9%
1990-
Cincinnati Reds
Billy Hatcher
32.4%
1990-
Cincinnati Reds
Joe Oliver
32%
2001-
Arizona Diamondbacks
Danny Bautista
31.7%
1993-
Toronto Blue Jays
Ed Sprague
31.7%
1986-
New York Mets
Tim Teufel
30.8%
1948-
Cleveland Indians
Larry Doby
30.5%
1990-
Cincinnati Reds
Mariano Duncan
30%
1989-
Oakland Athletics
Tony Phillips
29.6%
2002-
Los Angeles Angels of Anaheim
Brad Fullmer
28.2%
1979-
Pittsburgh Pirates
Bill Madlock
26.6%
1983-
Baltimore Orioles
Al Bumbry
26.2%
1991-
Minnesota Twins
Shane Mack
25%
1989-
Oakland Athletics
Mike Moore
24.7%
1983-
Baltimore Orioles
Scott McGregor
24.5%
1979-
Pittsburgh Pirates
Omar Moreno
24.5%
1983-
Baltimore Orioles
Todd Cruz
23.3%
1979-
Pittsburgh Pirates
Phil Garner
21.2%
1991-
Minnesota Twins
Mike Pagliarulo
20.7%
1984-
Detroit Tigers
Larry Herndon
20.5%
1984-
Detroit Tigers
Dan Petry
20.4%
1983-
Baltimore Orioles
John Lowenstein
20%
1979-
Pittsburgh Pirates
Tim Foli
19.9%
1990-
Cincinnati Reds
Todd Benzinger
19.7%
1983-
Baltimore Orioles
Rich Dauer
18.9%
1984-
Detroit Tigers
Barbaro Garvey
14.9%
1983-
Baltimore Orioles
Dan Ford
12.9%
1948-
Cleveland Indians
Thurman Tucker
12.5%
1979-
Pittsburgh Pirates
Steve Nicosia
11.8%
1979-
Pittsburgh Pirates
Jim Bibby
11.8%
1948-
Cleveland Indians
Ken Keltner
11.3%
1948-
Cleveland Indians
Jim Hegan
5.7%
Quiz Playlist
Details
Report
Send in Message
Add To Playlist
More Info:
The starting lineups in the deciding game. I know this has been done, but only for AL & NL.
Classic:
Type in answers that appear in a list
Quiz Source
Last Updated: Oct 31, 2019
Quiz Scoreboard
CHALLENGE
Sign Up to Join the Scoreboard
Show All
Scores
Hide
Comments
May contain spoilers
Recently Published
Image Sorting: Flags VI
by Barbecue
Geography
2m
Find the 'City' Movie
by crazypaving
Movies
60s
Colored Red Africa Blitz
by spor1
Geography
45s
More to Explore
Quiz From the Vault
Featured Blog Post
14 Easter Pick-up Lines to Find Eggs With
hide this ad
You Might Also Like...
Tags
Baseball Quiz
Football Quiz
MLB Quiz
World Quiz
last
Player
recent
team
Winning
Today's Top Quizzes in Sports
Browse Sports
hide this ad
Today's Top Quizzes in World
Browse World
Top Contributed Quizzes in Sports
1
Les meilleurs buteurs des matchs entre le PSG et l’OM
2
Les entraîneurs de l'OM et du PSG au 21e siècle
3
Les joueurs passés par le PSG et l'OM
4
2022 World Cup Stars
5
Players with Multiple 50 Home Run Seasons
6
Criteria MLB: Left Handed Sluggers
7
Les joueurs passés par le LOSC et le RC Lens
8
NBA Logic Puzzle 2.0
9
MLB Players with Two .350 Batting Average Seasons
10
FIFA Club World Cup Champions
Explore More
Trending Topics
Harry Potter
Crossword
Kpop
NBA
Disney
Anime
Marvel
Puzzle
Country
Pokémon
Soccer
NFL
WWE
Song
The Office
hide this ad
More By:
nushney
Quiz
Plays
Rating
Category
Featured
Created
2015 MLB Teams Most Common Lineups
9,868
3.80
Sports
Oct 26, 2015
1000 HR Teammates
9,617
4.63
Sports
Jun 13, 2011
WWE: Opponents of The Shield
9,199
3.89
Sports
Apr 11, 2013
2012 MLB Teams Most Common Lineups
8,824
4.57
Sports
Oct 20, 2012
Top 4 Most Populous Cities per State
8,507
3.85
Geography
Mar 22, 2010
Go to Creator's Profile
Score Distribution
Quiz Creator Spotlight
nushney
Follow
Send a Message
Quizzes Created
-
Created Quiz Play Count
-
More By This Creator
Popular Quizzes Today
1
Colored Red Africa Blitz
2
Find the US States - No Outlines Minefield
3
Find the 'City' Movie
4
5x2 Blitz: Bands
5
The Countries of the World
6
Find the US States
7
Find the Countries of Europe - No Outlines Minefield
8
US States
More Sports Quizzes
Top 30 Scorers for Maurizio Sarri
Quiz Lab
Trending Quizzes
Colored Red Europe Blitz I
Colored Red Europe Blitz II
Colored Red Africa Blitz II
Colored Red Europe Blitz III
Colored Red Africa Blitz III
Recently Updated
How Do You Spell That?
pecheneg
Godzilla Movies
pecheneg
Grab Bag: 4-10 Letters
pecheneg
2024 March Madness Bracket
pecheneg
Famous TV Couples
Peacemaker
Champions League XIs: Real Madrid
pecheneg
Largest US Cities 1790-2010
pecheneg
Rides in Walt Disney World
pecheneg
Most Oscar Losses (Acting)
pecheneg
Beyoncé Albums
pecheneg
Trending Topics
Marvel
Anime
Disney
Harry Potter
Crossword
Kpop
NBA
Song
Pokémon
Country
The Office
Soccer
NFL
WWE
Puzzle
Your Account Isn't Verified!
In order to create a playlist on Sporcle, you need to verify the email address you used during registration. Go to your
Sporcle Settings
to finish the process.
Report this User
Report this user for behavior that violates our
Community Guidelines
.
Details:
Send Report
Go to the Sporcle.com Mobile Site →
Comments